বাংলাদশের অর্থনীতি / (Record no. 775)
[ view plain ]
| 000 -LEADER | |
|---|---|
| fixed length control field | 00813nam a22002057a 4500 |
| 001 - CONTROL NUMBER | |
| control field | 8154 |
| 003 - CONTROL NUMBER IDENTIFIER | |
| control field | BD-DhUAP |
| 005 - DATE AND TIME OF LATEST TRANSACTION | |
| control field | 20210118150245.0 |
| 008 - FIXED-LENGTH DATA ELEMENTS--GENERAL INFORMATION | |
| fixed length control field | 200127s2004 bg a|||| |||| 00| 0 ben d |
| 020 ## - INTERNATIONAL STANDARD BOOK NUMBER | |
| International Standard Book Number | 9848090169 |
| 040 ## - CATALOGING SOURCE | |
| Original cataloging agency | BD-DhUAP |
| Language of cataloging | Bangla |
| Transcribing agency | BD-DhUAP |
| Modifying agency | BD-DhUAP |
| 082 ## - DEWEY DECIMAL CLASSIFICATION NUMBER | |
| Edition number | 23 |
| Classification number | 330.5492 KHA |
| 100 ## - MAIN ENTRY--PERSONAL NAME | |
| Personal name | খান, মোঃ শামসুল কবীর। |
| 245 ## - TITLE STATEMENT | |
| Title | বাংলাদশের অর্থনীতি / |
| Statement of responsibility, etc. | মোঃ শামসুল কবীর খান। |
| 250 ## - EDITION STATEMENT | |
| Edition statement | ৩য় সং.। |
| 260 ## - PUBLICATION, DISTRIBUTION, ETC. | |
| Place of publication, distribution, etc. | ঢাকা : |
| Name of publisher, distributor, etc. | বাংলাদেশ বিশ্ববিদ্যালয় মঞ্জুরি কমিশন, |
| Date of publication, distribution, etc. | c২০০৪। |
| 300 ## - PHYSICAL DESCRIPTION | |
| Extent | ৬২১ পৃষ্ঠা ; |
| Dimensions | ২১ সেমি.। |
| 650 ## - SUBJECT ADDED ENTRY--TOPICAL TERM | |
| Topical term or geographic name entry element | Economics |
| Geographic subdivision | Bangladesh. |
| 942 ## - ADDED ENTRY ELEMENTS (KOHA) | |
| Source of classification or shelving scheme | |
| Koha item type | Book |
| Withdrawn status | Lost status | Source of classification or shelving scheme | Damaged status | Not for loan | Permanent Location | Current Location | Shelving location | Date acquired | Full call number | Barcode | Date last seen | Copy number | Price effective from | Koha item type |
|---|---|---|---|---|---|---|---|---|---|---|---|---|---|---|
| UAP Central Library | UAP Central Library | General Stacks | 2020-01-27 | 330.5492 KHA | 3010008154 | 2020-01-27 | 1 | 2020-01-27 | Book | |||||
| UAP Central Library | UAP Central Library | General Stacks | 2020-01-27 | 330.5492 KHA | 3010008157 | 2020-01-27 | 2 | 2020-01-27 | Book | |||||
| UAP Central Library | UAP Central Library | General Stacks | 2020-01-27 | 330.5492 KHA | 3010008159 | 2020-01-27 | 3 | 2020-01-27 | Book | |||||
| UAP Central Library | UAP Central Library | General Stacks | 2020-01-27 | 330.5492 KHA | 3010008160 | 2020-01-27 | 4 | 2020-01-27 | Book | |||||
| UAP Central Library | UAP Central Library | General Stacks | 2020-01-27 | 330.5492 KHA | 3010008153 | 2020-01-27 | 5 | 2020-01-27 | Book | |||||
| UAP Central Library | UAP Central Library | General Stacks | 2020-01-27 | 330.5492 KHA | 3010008155 | 2020-01-27 | 6 | 2020-01-27 | Book | |||||
| UAP Central Library | UAP Central Library | General Stacks | 2020-01-27 | 330.5492 KHA | 3010008161 | 2020-01-27 | 7 | 2020-01-27 | Book | |||||
| UAP Central Library | UAP Central Library | General Stacks | 2020-01-27 | 330.5492 KHA | 3010008156 | 2020-01-27 | 8 | 2020-01-27 | Book | |||||
| UAP Central Library | UAP Central Library | General Stacks | 2020-01-27 | 330.5492 KHA | 3010008152 | 2020-01-27 | 9 | 2020-01-27 | Book | |||||
| UAP Central Library | UAP Central Library | General Stacks | 2020-01-27 | 330.5492 KHA | 3010008158 | 2020-01-27 | 10 | 2020-01-27 | Book |
Bengali Keyboard